000 00414nam a2200145Ia 4500
008 100122s9999 xx 000 0 und d
082 _b57609
_a799.2
100 _aदुर्वे लालू
245 _aटायगर डेज
260 _bदिलीप प्रकाशन
_c1999
300 _a163
630 _aटायगर डेज
730 _aटायगर डेज
942 _cBOOK
999 _c433777
_d433774